000
00297nam a2200133Ia 4500
008
200103s9999||||xx |||||||||||||| ||und||
040
_a
IMU-MPC
082
_a
Column-65
100
_a
Puri, Narottam
245
0
_a
1000 Cricket Quiz
260
_b
Rupa Company
_c
1991
300
_a
145
942
_c
BK
999
_c
11501
_d
11501